[Event "Aeroflot Open A 2019"]
[Site "Moscow RUS"]
[Date "2019.02.20"]
[Round "1.8"]
[White "Nabaty, Tamir"]
[Black "Santos Ruiz, Miguel"]
[Result "1/2-1/2"]
[WhiteTitle "GM"]
[BlackTitle "GM"]
[WhiteElo "2688"]
[BlackElo "2554"]
[WhiteFideId "2809052"]
[BlackFideId "22291482"]
[EventDate "2019.02.20"]

1. d4 Nf6 2. Bf4 d5 3. e3 c5 4. dxc5 e6 5. b4 a5 6. c3 Bd7 7. Nd2 axb4 8. cxb4
b6 9. cxb6 Bxb4 10. Bc7 Qe7 11. Nf3 O-O 12. a4 Bd6 13. Bxd6 Qxd6 14. a5 Qc5 15.
Nb3 Qb4+ 16. Nfd2 Ba4 17. Qb1 Ne4 18. Bd3 Bxb3 19. Bxe4 Rxa5 20. Bxh7+ Kh8 21.
Rxa5 Qxa5 22. Bd3 Bc4 23. Bxc4 dxc4 24. Ke2 c3 25. Nc4 Qd5 26. Qb4 Kg8 27. Qxc3
Qxg2 28. Rb1 Qg4+ 29. Kf1 Rc8 30. Rc1 Qh3+ 31. Ke1 Qxh2 32. Qd3 Qh1+ 33. Kd2 Qf3
34. Rf1 Qc6 35. Rc1 Nd7 36. Rc2 Nc5 37. Qa3 Qd5+ 38. Ke2 Qh5+ 39. Ke1 Qh1+ 40.
Ke2 Qh5+ 41. Ke1 Qg6 42. e4 Qxe4+ 43. Ne3 Nd3+ 44. Qxd3 Qxd3 45. Rxc8+ Kh7 46.
Rc7 Qb1+ 47. Ke2 Qxb6 48. Rxf7 Qb5+ 49. Ke1 Qd3 50. Rf3 Kg8 51. Rg3 Kf7 52. Ng4
Qb1+ 53. Ke2 Qb2+ 54. Kf1 Ke7 1/2-1/2

[Event "Aeroflot Open A 2019"]
[Site "Moscow RUS"]
[Date "2019.02.20"]
[Round "1.13"]
[White "Aryan, Chopra"]
[Black "Sjugirov, Sanan"]
[Result "1/2-1/2"]
[WhiteTitle "GM"]
[BlackTitle "GM"]
[WhiteElo "2540"]
[BlackElo "2663"]
[WhiteFideId "5084423"]
[BlackFideId "4189302"]
[EventDate "2019.02.20"]

1. e4 c6 2. d4 d5 3. e5 Bf5 4. h4 h5 5. Bd3 Bxd3 6. Qxd3 Qa5+ 7. Nd2 e6 8. Nf3
Ne7 9. O-O Nf5 10. Nb3 Qa6 11. Qd1 c5 12. dxc5 Nd7 13. c3 Bxc5 14. Bg5 Qa4 15.
Rc1 Rc8 16. Nbd4 Qxd1 17. Rfxd1 Bxd4 18. Nxd4 g6 19. c4 dxc4 20. Nb5 a6 21. Nd6+
Nxd6 22. Rxd6 Nb8 23. Rxc4 O-O 24. Rb4 b5 25. a4 Rc5 26. axb5 axb5 27. Rb6 Rxe5
28. R4xb5 Re1+ 29. Kh2 Nd7 30. Rb7 Ne5 31. f3 Re2 32. Kg3 f6 33. Bh6 Rf7 34. b4
Rxb7 35. Rxb7 Nf7 36. Rb8+ Kh7 37. Rb7 Kxh6 38. Rxf7 f5 39. b5 Rb2 40. Re7 1/2-1/2

[Event "Aeroflot Open A 2019"]
[Site "Moscow RUS"]
[Date "2019.02.21"]
[Round "2.5"]
[White "Sasikiran, Krishnan"]
[Black "Svane, Rasmus"]
[Result "1-0"]
[WhiteTitle "GM"]
[BlackTitle "GM"]
[WhiteElo "2678"]
[BlackElo "2599"]
[WhiteFideId "5004985"]
[BlackFideId "4657101"]
[EventDate "2019.02.20"]

1. e4 e5 2. Nf3 Nc6 3. Bb5 a6 4. Ba4 Nf6 5. O-O Be7 6. Re1 b5 7. Bb3 O-O 8. c3
d5 9. d4 exd4 10. e5 Ne4 11. cxd4 Bg4 12. Nc3 Nxc3 13. bxc3 Qd7 14. Bc2 Bf5 15.
Bg5 Rab8 16. Bxe7 Nxe7 17. Nd2 Bxc2 18. Qxc2 Rb6 19. Nb3 Ng6 20. Nc5 Qc8 21. Qd2
Re8 22. a4 Nf8 23. axb5 axb5 24. f4 Qf5 25. Ra7 c6 26. Qd3 Qg4 27. h3 Qh4 28.
Rf1 Rbb8 29. Kh2 Ra8 30. Rc7 Rec8 31. Rxc8 Rxc8 32. f5 Re8 33. Qe3 h6 34. Rf4
Qg5 35. h4 Qh5 36. Qe1 f6 37. e6 Re7 38. Qg3 Kh7 39. Rf3 Ra7 40. Nd3 Qe8 41. Qd6
g6 42. fxg6+ Nxg6 43. Rxf6 Rg7 44. Nf4 Ne7 45. Qe5 1-0

[Event "Aeroflot Open A 2019"]
[Site "Moscow RUS"]
[Date "2019.02.21"]
[Round "2.15"]
[White "Wei, Yi"]
[Black "Fier, Alexandr"]
[Result "1-0"]
[WhiteElo "2733"]
[BlackElo "2561"]
[PlyCount "67"]
[EventDate "2019.02.20"]

1. e4 c5 2. Nf3 e6 3. d4 cxd4 4. Nxd4 Nf6 5. Nc3 Nc6 6. Nxc6 bxc6 7. e5 Nd5 8.
Ne4 Qc7 9. f4 Qb6 10. c4 Bb4+ 11. Ke2 f5 12. exf6 Nxf6 13. Be3 Qd8 14. Nd6+
Bxd6 15. Qxd6 Bb7 (15... Qe7 16. Bc5 Qf7 17. Ke3 g5 18. Be2 g4 19. Rac1 h5 20.
Rc3 Qg7 21. Bd3 Kf7 22. Kd2 Re8 23. Re1 Qh6 24. Kc2 a5 25. Re5 Nh7 26. Rf5+ Kg8
27. Qe5 {1-0 Vidit,S (2718)-Krasenkow,M (2671) Wijk aan Zee 2018}) 16. Rd1 Rc8
17. Rg1 c5 18. g4 Rc6 19. Qe5 O-O 20. g5 Nh5 21. Bh3 d6 22. Qxe6+ Kh8 23. Rgf1
Rb6 24. b3 Ra6 25. Rd2 $146 (25. Qd7 Qb8 26. Qg4 Rxa2+ 27. Rd2 Rxd2+ 28. Bxd2
Qe8+ 29. Kd1 Qe4 30. Qxh5 Qd3 31. f5 Qxb3+ 32. Ke1 g6 33. fxg6 Qb1+ 34. Ke2 {
1/2 Dmitriev,V (2395)-Remis Fernandez,J (2444) ICCF email 2016}) 25... d5 26.
Qe5 $5 {This already involves the upcoming sacrifice.} Re8 27. cxd5 $1 Rxe5 28.
fxe5 Bxd5 29. Bg2 c4 $2 ({The saving move was} 29... Rxa2 $1 30. Bxd5 Rxd2+ 31.
Bxd2 {and now e.g.} Nf6 $1 32. gxf6 Qxd5 33. f7 Qe4+) 30. Bxd5 c3 31. Bb7 cxd2
32. Bxa6 Qe8 33. Bc4 g6 34. e6 1-0

[Event "Aeroflot Open A 2019"]
[Site "Moscow RUS"]
[Date "2019.02.22"]
[Round "3.16"]
[White "Firouzja, Alireza"]
[Black "Kulaots, Kaido"]
[Result "0-1"]
[WhiteElo "2618"]
[BlackElo "2542"]
[PlyCount "56"]
[EventDate "2019.02.20"]

1. e4 c5 2. Nf3 d6 3. d4 cxd4 4. Nxd4 Nf6 5. Nc3 a6 6. h3 e6 7. g4 Nfd7 8. g5
b5 9. a3 Be7 10. h4 Bb7 11. Be3 O-O (11... Nc6 12. Rg1 Nc5 13. f3 O-O 14. h5 d5
15. exd5 exd5 16. Nxc6 Bxc6 17. Qd2 Ne6 {Wang,H (2730)-Yilmaz,M (2636) St
Petersburg 2018}) 12. Qd2 Nc6 13. Nxc6 Bxc6 14. O-O-O Qb8 $1 15. f3 $146 (15.
Qd4 a5 16. Nd5 exd5 17. exd5 Bb7 18. Bxb5 Qc7 19. h5 Rfc8 20. Qe4 Bf8 {Eden,J 
(2297)-Guliyev,N (2579) Montigny le Bretonneux 2016}) 15... a5 16. g6 b4 17.
Nb1 d5 18. gxf7+ Rxf7 19. Bh3 Nf8 20. axb4 Bxb4 21. c3 Be7 22. Bg5 Bd6 23. exd5
exd5 24. Rhe1 a4 $1 {Black's attack is already irresistible.} 25. Na3 Bxa3 26.
bxa3 Qd6 27. Kc2 Rb8 28. Rb1 Qg6+ (28... Qg6+ 29. Qd3 Qxd3+ 30. Kxd3 Rxb1 31.
Rxb1 Rxf3+) 0-1

[Event "Aeroflot Open A 2019"]
[Site "Moscow RUS"]
[Date "2019.02.22"]
[Round "3.49"]
[White "Aditya, Mittal"]
[Black "Lomasov, Semyon"]
[Result "1-0"]
[WhiteTitle "CM"]
[BlackTitle "IM"]
[WhiteElo "2454"]
[BlackElo "2559"]
[WhiteFideId "35042025"]
[BlackFideId "24164879"]
[EventDate "2019.02.20"]

1. d4 Nf6 2. c4 e6 3. Nc3 Bb4 4. e3 c5 5. Bd3 Nc6 6. Ne2 cxd4 7. exd4 d5 8. cxd5
Nxd5 9. O-O Nce7 10. Bg5 h6 11. Nxd5 Qxd5 12. Qa4+ Nc6 13. Be3 Bd7 14. Nf4 Qd6
15. a3 Ba5 16. Nh5 O-O 17. Qd1 f5 18. Bc4 Kh7 19. Bf4 Qe7 20. d5 exd5 21. Qxd5
Rfe8 22. b4 Bb6 23. Rae1 Qxe1 24. Qxd7 Bxf2+ 25. Kh1 Re7 26. Qxf5+ g6 27. Qh3
Bh4 28. Nf6+ Kg7 29. g3 Qxf1+ 30. Bxf1 Bxf6 31. Qxh6+ Kf7 32. Bc4+ 1-0

[Event "Aeroflot Open A 2019"]
[Site "Moscow RUS"]
[Date "2019.02.23"]
[Round "4.1"]
[White "Chigaev, Maksim"]
[Black "Sasikiran, Krishnan"]
[Result "0-1"]
[WhiteTitle "GM"]
[BlackTitle "GM"]
[WhiteElo "2613"]
[BlackElo "2678"]
[WhiteFideId "4108116"]
[BlackFideId "5004985"]
[EventDate "2019.02.20"]

1. e4 e5 2. Nf3 Nc6 3. Bc4 Bc5 4. O-O Nf6 5. d3 d6 6. c3 h6 7. a4 a5 8. Be3 Bxe3
9. fxe3 Ne7 10. d4 O-O 11. Nbd2 Ng6 12. Qe1 c6 13. Nh4 Nxh4 14. Qxh4 Be6 15.
Bxe6 fxe6 16. Qh3 Qe7 17. dxe5 dxe5 18. Nc4 Nd7 19. Rxf8+ Rxf8 20. Nxa5 Nc5 21.
Nc4 Qd7 22. Qg3 Nxe4 23. Qe1 Qd5 24. b3 b5 25. Nb6 Qxb3 26. a5 Rf2 27. Kh1 Qb2
28. Rb1 Qa2 29. Ra1 Qb2 30. Rb1 Qa3 31. c4 b4 32. a6 Qxa6 33. Qxb4 Qa2 34. Nd7
Kh7 35. Qb8 Rf7 36. Nxe5 Rf8 37. Qb4 c5 38. Qe1 Nd2 39. Ra1 Qb2 40. Nd3 Qc3 41.
Nf4 e5 42. Rc1 Qa5 43. Ra1 Qb4 0-1

[Event "Aeroflot Open A 2019"]
[Site "Moscow RUS"]
[Date "2019.02.23"]
[Round "4.20"]
[White "Fier, Alexandr"]
[Black "Safarli, Eltaj"]
[Result "1-0"]
[WhiteTitle "GM"]
[BlackTitle "GM"]
[WhiteElo "2561"]
[BlackElo "2681"]
[WhiteFideId "2107139"]
[BlackFideId "13402129"]
[EventDate "2019.02.20"]

1. e4 e5 2. Nf3 Nc6 3. Bc4 Bc5 4. c3 Nf6 5. d4 exd4 6. e5 d5 7. Bb5 Ne4 8. cxd4
Bb6 9. Nc3 O-O 10. Be3 Bg4 11. h3 Bh5 12. Qc2 Ba5 13. Bxc6 bxc6 14. O-O Bxc3 15.
bxc3 f5 16. Nd2 f4 17. Nxe4 dxe4 18. Bc1 Bg6 19. f3 exf3 20. Qb3+ Kh8 21. Rxf3
Rb8 22. Qa3 Qh4 23. Bd2 Be4 24. Rf2 Bxg2 25. Rxg2 f3 26. Be1 Qf4 27. Rh2 Rf5 28.
Qc1 Qe4 29. Bg3 Qd3 30. Rf2 Rh5 31. Qf4 Rf5 32. Qd2 Qc4 33. Qe3 c5 34. dxc5 Rbf8
35. Raf1 Kg8 36. Rxf3 Rxf3 37. Rxf3 Re8 38. Rf2 h6 39. Kh2 1-0

[Event "Aeroflot Open A 2019"]
[Site "Moscow RUS"]
[Date "2019.02.23"]
[Round "5.1"]
[White "Sasikiran, Krishnan"]
[Black "Korobov, Anton"]
[Result "1-0"]
[WhiteElo "2678"]
[BlackElo "2687"]
[PlyCount "59"]
[EventDate "2019.02.20"]

1. e4 c5 2. Nf3 d6 3. d4 cxd4 4. Nxd4 Nf6 5. Nc3 a6 6. Be2 e5 7. Nb3 Be7 8. O-O
O-O 9. Re1 Be6 10. Be3 (10. Bf3 Qc7 11. Be3 Nbd7 12. a4 Rfc8 13. h3 h6 14. Nc1
Bd8 15. N1e2 Qb8 16. Ng3 Ba5 17. Bd2 Qc7 18. Rb1 Nb6 {Sasikiran,K (2677)-Giri,
A (2762) Antalya TUR 2017}) 10... Nbd7 11. a4 Rc8 12. Bf3 Re8 (12... h6 13. a5
Nh7 14. g3 Ng5 15. Bg2 Nh7 16. Nd5 Bxd5 17. Qxd5 Rc6 18. Qd3 Qc7 {Rublevsky,S 
(2652)-Kobalia,M (2620) Tula 2019}) 13. a5 Qc7 14. Nd2 Nf8 15. Nf1 Ng6 16. g3
Qd7 $146 (16... Qc6 17. Bg5 b5 18. Ne3 Qc5 19. h4 b4 20. Ncd5 Nxd5 21. exd5 Bd7
{Korchagina,V (2071)-Pavlov,A (2300) St Petersburg 2012}) 17. Re2 h6 18. Rd2
Rxc3 $5 19. bxc3 Qc6 20. Rb1 Qxc3 21. Rxb7 Qxa5 22. Ba7 {Quite a remarkable
way to make space for the knight on f1!} Qa4 23. Ne3 a5 24. c4 Qc6 25. Qb1 Bc8
26. Rb6 Qa8 27. Bb8 {And quite the career for the dark-squared bishop.} Nd7 28.
Rbb2 Nxb8 $6 29. Rxb8 Qa7 30. Bg4 (30. Bg4 Qc7 31. Nd5 Qc5 32. Qb5) 1-0

[Event "Aeroflot Open A 2019"]
[Site "Moscow RUS"]
[Date "2019.02.23"]
[Round "5.35"]
[White "Flom, Gabriel"]
[Black "Lalith, Babu M R"]
[Result "1/2-1/2"]
[WhiteTitle "IM"]
[BlackTitle "GM"]
[WhiteElo "2460"]
[BlackElo "2556"]
[WhiteFideId "621650"]
[BlackFideId "5024595"]
[EventDate "2019.02.20"]

1. d4 Nf6 2. c4 e6 3. Nc3 Bb4 4. e3 O-O 5. Bd3 d5 6. cxd5 exd5 7. Ne2 Re8 8. O-O
b6 9. f3 Bb7 10. g4 c5 11. a3 Bxc3 12. bxc3 Ba6 13. Ng3 Bxd3 14. Qxd3 Nc6 15.
Ra2 Rc8 16. h4 Qc7 17. Rg2 Ne7 18. g5 Nd7 19. h5 cxd4 20. cxd4 Qc4 21. Qb1 Rc6
22. Bd2 Qc2 23. Qxc2 Rxc2 24. Bb4 Rc6 25. Rff2 g6 26. Rc2 Rxc2 27. Rxc2 Rc8 28.
Rxc8+ Nxc8 29. hxg6 hxg6 30. Ne2 a5 31. Bd2 f6 32. Nc3 Ne7 33. gxf6 Nxf6 34. Be1
g5 35. Bg3 g4 36. Kf2 gxf3 37. Kxf3 Kf7 38. Bc7 Nd7 39. Bd8 Nc6 40. Bc7 Ke6 41.
Ke2 Ne7 42. Kd3 Kf5 43. Nb5 Ke6 44. Bd8 Nc8 45. Bc7 Ne7 46. Na7 Kf5 47. Ke2 Ke6
48. Kf3 Kf5 49. Bd8 Ke6 50. Kf4 Ng6+ 51. Kf3 Ne7 52. Nb5 Nc8 53. Bh4 Nf8 54. Bg3
Kd7 1/2-1/2

[Event "Aeroflot Open A 2019"]
[Site "Moscow RUS"]
[Date "2019.02.24"]
[Round "6.11"]
[White "Nabaty, Tamir"]
[Black "Nihal, Sarin"]
[Result "1-0"]
[WhiteTitle "GM"]
[BlackTitle "GM"]
[WhiteElo "2688"]
[BlackElo "2578"]
[WhiteFideId "2809052"]
[BlackFideId "25092340"]
[EventDate "2019.02.20"]

1. d4 d5 2. c4 e6 3. Nc3 c6 4. e4 Bb4 5. Bd3 dxe4 6. Bxe4 Nf6 7. Bc2 c5 8. Ne2
O-O 9. O-O Bxc3 10. bxc3 Nbd7 11. Ng3 Qc7 12. Qd3 g6 13. Bh6 Re8 14. f4 b6 15.
f5 Bb7 16. fxg6 fxg6 17. Qe2 cxd4 18. cxd4 e5 19. d5 Rac8 20. Bb3 Qd6 21. Rf2
Rf8 22. Bxf8 Rxf8 23. Raf1 Bc8 24. Qe3 Kg7 25. Qg5 1-0

[Event "Aeroflot Open A 2019"]
[Site "Moscow RUS"]
[Date "2019.02.24"]
[Round "6.39"]
[White "Hakobyan, Aram"]
[Black "Flom, Gabriel"]
[Result "1-0"]
[WhiteTitle "GM"]
[BlackTitle "IM"]
[WhiteElo "2545"]
[BlackElo "2460"]
[WhiteFideId "13306677"]
[BlackFideId "621650"]
[EventDate "2019.02.20"]

1. e4 c5 2. Nf3 e6 3. d4 cxd4 4. Nxd4 a6 5. Nc3 Qc7 6. g3 Bb4 7. Ne2 Be7 8. Bg2
d6 9. O-O Nf6 10. h3 Nc6 11. a4 b6 12. g4 h6 13. f4 Bb7 14. Be3 Nb4 15. Nd4 d5
16. e5 Ne4 17. Nce2 g5 18. a5 b5 19. c3 Nc6 20. Nxc6 Bxc6 21. Bb6 Bc5+ 22. Bxc5
Nxc5 23. Nd4 Bb7 24. Qf3 gxf4 25. Qxf4 Qe7 26. Rad1 Ne4 27. Bxe4 dxe4 28. Nc2 h5
29. g5 h4 30. Ne3 Rg8 31. Kh2 Rxg5 32. Ng4 e3 33. Qxe3 Rd8 34. Qb6 Rxd1 35. Rxd1
Kf8 36. Qe3 Rg6 37. Rd2 Qc7 38. Qb6 Qc6 39. Qxc6 Bxc6 40. Rd6 Bf3 41. Rxa6 1-0

[Event "Aeroflot Open A 2019"]
[Site "Moscow RUS"]
[Date "2019.02.25"]
[Round "7.2"]
[White "Wei, Yi"]
[Black "Kulaots, Kaido"]
[Result "0-1"]
[WhiteElo "2733"]
[BlackElo "2542"]
[PlyCount "166"]
[EventDate "2019.02.20"]

1. e4 c5 2. Nc3 d6 3. Nge2 Nf6 4. g3 Nc6 5. Bg2 g6 6. d3 Bg7 7. O-O O-O 8. Bg5
Bd7 (8... Rb8 9. Qd2 b5 10. Bh6 b4 11. Nd1 Bxh6 12. Qxh6 e6 13. a3 d5 14. exd5
exd5 15. axb4 Rxb4 16. Qd2 Bg4 {Yu,Y (2764)-Vachier Lagrave,M (2778) Shenzhen
2018}) 9. Qd2 Nd4 $146 (9... Qa5 10. Bh6 Nd4 11. Bxg7 Kxg7 12. h3 Qb4 13. Rab1
Rac8 14. f4 Bc6 15. g4 Nd7 {Flindt,T (2179)-Baekgaard,M (2294) Denmark 2009})
10. Nxd4 cxd4 11. Ne2 e5 12. c3 dxc3 13. Nxc3 a5 14. f4 Bc6 15. f5 b5 16. Rac1
b4 17. Nd5 Bxd5 18. exd5 Qb6+ 19. Kh1 Qb5 20. Rc6 Rad8 21. Bxf6 Bxf6 22. Be4 g5
23. Rfc1 Kg7 24. Qd1 Rd7 25. Kg2 Rh8 26. Qh5 Qb7 27. Kf3 Qa7 28. R6c4 Qb6 29.
Ke2 Qa7 30. Kf3 Qb6 31. Ke2 Qa7 32. h4 h6 33. Qf3 Rg8 34. hxg5 hxg5 35. Rh1 Rh8
36. Rxh8 Kxh8 37. Qh1+ Kg7 38. Qc1 Qb6 39. Rc6 Qd4 40. Rc4 Qb6 41. Rc6 Qd4 42.
Ra6 Rd8 43. Kf1 Rd7 44. Kg2 b3 45. axb3 Rb7 46. Ra8 Ra7 47. Rb8 Rd7 48. Ra8 Rd8
49. Rxa5 Qb6 50. Ra3 Rh8 51. Qd2 Rb8 52. Qf2 Qc7 53. Qd2 Qc5 54. Bf3 Rb7 55.
Ra5 Qb6 56. Bd1 Qd4 57. Qc3 Qe3 58. Ra4 Rb8 59. Re4 Qa7 60. b4 Rh8 61. Bb3 Qd7
62. g4 Qa7 63. Qd2 Rh4 64. Qe1 Qb8 65. Qg3 Qa7 66. Qe1 Qb8 67. Bc4 Qh8 68. Qg3
Bd8 69. d4 exd4 70. Rxd4 Bf6 71. Re4 Qb8 72. Be2 Be5 73. Rxe5 dxe5 74. b5 Qd6
75. Qe3 Kf6 76. b6 Qxd5+ 77. Bf3 Qd4 78. Qxd4 exd4 79. b7 Rh8 80. Bc6 Ke5 81.
Bd7 Rb8 82. Bc8 Ke4 83. Kf2 Kd3 0-1

[Event "Aeroflot Open A 2019"]
[Site "Moscow RUS"]
[Date "2019.02.25"]
[Round "7.29"]
[White "Svane, Rasmus"]
[Black "Stupak, Kirill"]
[Result "1/2-1/2"]
[WhiteTitle "GM"]
[BlackTitle "GM"]
[WhiteElo "2599"]
[BlackElo "2537"]
[WhiteFideId "4657101"]
[BlackFideId "13503758"]
[EventDate "2019.02.20"]

1. e4 e6 2. d4 d5 3. Nd2 c5 4. Ngf3 Nc6 5. exd5 exd5 6. Bb5 Bd6 7. dxc5 Bxc5 8.
O-O Ne7 9. Nb3 Bb6 10. Re1 O-O 11. Be3 Bxe3 12. Rxe3 Bg4 13. h3 Bh5 14. Qd2 Bxf3
15. Rxf3 Qb6 16. Bxc6 bxc6 17. Re1 Ng6 18. Qe3 f6 1/2-1/2

[Event "Aeroflot Open A 2019"]
[Site "Moscow RUS"]
[Date "2019.02.25"]
[Round "7.47"]
[White "Gavrilescu, David"]
[Black "Macovei, Andrei"]
[Result "1/2-1/2"]
[WhiteTitle "FM"]
[BlackTitle "FM"]
[WhiteElo "2479"]
[BlackElo "2435"]
[WhiteFideId "1227190"]
[BlackFideId "13904680"]
[EventDate "2019.02.20"]

1. e4 c5 2. Nf3 d6 3. Bb5+ Nd7 4. c3 Nf6 5. Bd3 a6 6. Bc2 b5 7. O-O Bb7 8. Re1
c4 9. b3 e6 10. Qe2 Rc8 11. d4 cxd3 12. Bxd3 Nc5 13. Nbd2 Nxd3 14. Qxd3 Be7 15.
a4 d5 16. axb5 dxe4 17. Qxd8+ Bxd8 18. Nd4 axb5 19. Nxb5 Be7 20. Nc4 O-O 21. Ra7
Bc6 22. Rxe7 Bxb5 23. Nd6 Rb8 24. c4 Bc6 25. Rc7 Ba8 26. Nb5 Rfd8 27. h3 h6 28.
Bb2 Rd3 29. Be5 Rxb3 30. Ra7 Rf8 31. Rea1 Bd5 32. Nd4 Bxc4 33. Nxb3 Bxb3 34. Rc1
Kh7 35. Rc3 Bd5 36. Rcc7 Kg6 37. g4 e3 38. fxe3 Ne4 39. Kh2 Ng5 40. Kg3 Ne4+ 41.
Kh2 Ng5 42. Bc3 Nf3+ 43. Kg3 Ng5 44. h4 Ne4+ 45. Kf4 Nxc3 46. Rxc3 Rb8 47. Ra4
Bb3 48. Rd4 Rb5 49. Kg3 e5 50. Rd6+ Be6 51. Rc4 h5 1/2-1/2

[Event "Aeroflot Open A 2019"]
[Site "Moscow RUS"]
[Date "2019.02.26"]
[Round "8.2"]
[White "Martirosyan, Haik M."]
[Black "Sarana, Alexey"]
[Result "1/2-1/2"]
[WhiteTitle "GM"]
[BlackTitle "GM"]
[WhiteElo "2616"]
[BlackElo "2630"]
[WhiteFideId "13306553"]
[BlackFideId "24133795"]
[EventDate "2019.02.20"]

1. e4 c5 2. Nf3 d6 3. Bb5+ Nd7 4. c3 Nf6 5. Bd3 e6 6. Bc2 b5 7. O-O Bb7 8. Re1
c4 9. d4 cxd3 10. Qxd3 a6 11. Qe2 Be7 12. Nbd2 O-O 13. Nb3 Qc7 14. a4 Rfb8 15.
Bg5 h6 16. Bh4 e5 17. axb5 axb5 18. Bd3 Ra4 19. Nbd2 Bc6 20. b4 Rxa1 21. Rxa1 d5
22. Rd1 dxe4 23. Nxe4 Bxe4 24. Bxe4 Nxe4 25. Qxe4 Bxh4 26. Nxh4 Nf6 27. Qe3 Rc8
28. Nf5 Kh7 29. Qg3 g6 30. Qh4 Nh5 31. Ne7 Qc4 1/2-1/2

[Event "Aeroflot Open A 2019"]
[Site "Moscow RUS"]
[Date "2019.02.26"]
[Round "8.41"]
[White "Vishnu Prasanna, V"]
[Black "Suleymenov, Alisher"]
[Result "1-0"]
[WhiteTitle "GM"]
[BlackTitle "FM"]
[WhiteElo "2524"]
[BlackElo "2428"]
[WhiteFideId "5030692"]
[BlackFideId "13707833"]
[EventDate "2019.02.20"]

1. e4 e6 2. d4 d5 3. exd5 exd5 4. c4 Nf6 5. Nc3 Bb4 6. Bd3 O-O 7. Ne2 dxc4 8.
Bxc4 Nc6 9. O-O h6 10. a3 Bd6 11. f3 a6 12. Be3 Be6 13. d5 Ne5 14. Ba2 Bd7 15.
Nd4 Re8 16. Bf2 Nh5 17. Ne4 Nf4 18. Bg3 Neg6 19. Qd2 Be5 20. Rfe1 h5 21. Ne2
Nxe2+ 22. Rxe2 h4 23. Bxe5 Rxe5 24. Rae1 Bb5 25. f4 Rf5 26. Rf2 Qf8 27. g4 hxg3
28. Nxg3 Rf6 29. f5 Ne7 30. Qg5 Kh8 31. Nh5 Rh6 32. Rxe7 f6 33. Qxg7+ Qxg7+ 34.
Nxg7 Rh7 35. Rg2 Rc8 36. Rf7 Bd3 37. Rxf6 Rxg7 38. Rg3 Be4 39. Rh6+ Rh7 40.
Rxh7+ Kxh7 41. f6 Kh6 42. Rg7 Bg6 43. Kf2 Rf8 44. Rxc7 Rxf6+ 45. Ke3 Rb6 46. b4
a5 47. bxa5 Ra6 48. Rc5 b6 49. Bc4 b5 50. Rxb5 Ra8 51. Rb6 Kg7 52. a6 Bf7 53.
Kd4 Rc8 54. a7 Ra8 55. Rb7 Kf6 56. Bb5 Rd8 57. Rxf7+ Kxf7 58. Bc6 1-0

[Event "Aeroflot Open A 2019"]
[Site "Moscow RUS"]
[Date "2019.02.27"]
[Round "9.2"]
[White "Petrosian, Tigran L"]
[Black "Martirosyan, Haik M"]
[Result "0-1"]
[WhiteElo "2595"]
[BlackElo "2616"]
[PlyCount "92"]
[EventDate "2019.02.20"]

1. e4 e5 2. Nf3 Nc6 3. Bc4 Bc5 4. d3 Nf6 5. Bg5 h6 6. Bh4 a6 7. a4 d6 8. c3 Ba7
9. O-O (9. Nbd2 g5 10. Bg3 Qe7 11. Nf1 Be6 12. Qe2 O-O-O 13. Bxe6+ Qxe6 14. Ne3
d5 15. Nf5 Nh5 {Lu,S (2636)-Sethuraman,S (2664) Tianjin 2018}) 9... Qe7 10.
Nbd2 g5 11. Bg3 Nd7 12. Bd5 h5 $146 (12... Nf8 13. Nc4 h5 14. h4 g4 15. Ne1 Ng6
16. b4 Nd8 17. b5 c6 18. b6 cxd5 19. Ne3 Be6 {Martirosyan,H (2616)
-Hovhannisyan,R (2634) Yerevan 2019}) 13. h4 g4 14. Ne1 Nf8 15. d4 Ng6 16. Nc4
exd4 17. Nd3 Nce5 18. cxd4 Nxc4 19. Bxc4 Bxd4 20. Nf4 c5 21. Nxg6 fxg6 22. b4
Be6 23. bxc5 dxc5 24. Bxe6 Qxe6 25. Rb1 b6 26. Qb3 c4 27. Qb4 Bc5 28. Qc3 O-O
29. Rfc1 Rad8 30. Rc2 Rd4 31. Re1 b5 32. axb5 axb5 33. Qa5 Qc6 34. Rb1 b4 35.
Rxb4 Bxb4 36. Qxb4 Qxe4 37. Ra2 Qe6 38. Kh2 Rd7 39. Rc2 Rc8 40. Qc3 Rd3 41. Qa5
Rd1 42. Qg5 c3 43. Qh6 Qf5 44. Re2 c2 45. Be5 Rh1+ 46. Kg3 Rh3+ $1 (46... Rh3+
47. gxh3 Qf3+ 48. Kh2 Qxh3+ 49. Kg1 c1=Q+) 0-1

[Event "Aeroflot Open A 2019"]
[Site "Moscow RUS"]
[Date "2019.02.27"]
[Round "9.3"]
[White "Kulaots, Kaido"]
[Black "Khismatullin, Denis"]
[Result "1-0"]
[WhiteElo "2542"]
[BlackElo "2621"]
[PlyCount "151"]
[EventDate "2019.02.20"]

1. e4 d6 2. d4 Nf6 3. Nc3 e5 4. Nf3 Nbd7 5. Bc4 Be7 6. O-O O-O 7. Re1 c6 8. a4
h6 9. h3 Re8 10. Be3 Qc7 11. Ba2 Nf8 12. Nh4 (12. Qd2 Be6 13. d5 Bd7 14. Rad1
c5 15. Nxe5 dxe5 16. d6 Bxd6 17. Qxd6 Qxd6 18. Rxd6 Be6 {Sanal,V (2551)
-Fedoseev,V (2718) Riadh 2017}) 12... exd4 $146 (12... Ng4 13. hxg4 Bxh4 14. g3
exd4 15. Bxd4 Be7 16. Kg2 Be6 17. f4 Bxa2 18. Rxa2 Ne6 {Perunovic,M (2620)
-Kunin,V (2584) Karlsruhe 2016}) 13. Bxd4 N6h7 14. Nf3 Be6 15. Bxe6 Nxe6 16.
Be3 Bf6 17. Qd2 Nhg5 18. Nxg5 hxg5 19. a5 Qe7 20. Rad1 Be5 21. b3 Qf6 22. Ne2
c5 23. Qd3 Rad8 24. Qc4 Nf4 25. Bxf4 gxf4 26. Rd3 d5 27. exd5 Bc7 28. a6 $5
Rxe2 $5 29. Rxe2 Qa1+ 30. Kh2 f3+ 31. d6 fxe2 32. dxc7 Qe5+ $6 (32... Re8 $1
33. Rd7 e1=Q 34. Qxf7+ Kh8 35. Qh5+) 33. f4 Qxc7 34. Rxd8+ Qxd8 35. Qxe2 bxa6
36. Qxa6 Qd4 37. Qc8+ Kh7 38. Qf5+ Kg8 39. Qc8+ Kh7 40. Qf5+ Kg8 41. Qe5 Qf2
42. Qe8+ Kh7 43. Qxf7 Qxc2 44. Qxa7 Qxb3 45. Qxc5 Qb8 46. Kg3 Qd8 47. Qh5+ Kg8
48. Qe5 Kh7 49. Qf5+ Kg8 50. Kg4 Qd1+ 51. Kg5 Qd8+ 52. Kh5 Qe8+ 53. Qg6 Qe2+
54. Kh4 Qe1+ 55. g3 Qe7+ 56. Qg5 Qe4 57. Qd8+ Kh7 58. Qd6 Qe1 59. f5 Qf2 60.
Qe6 Kh8 61. Kg4 Kh7 62. h4 Kh8 63. Qe8+ Kh7 64. Qg6+ Kh8 65. Kh5 Qe2+ 66. g4
Qf3 67. Qe6 Kh7 68. Kg5 Qc3 69. Kh5 Qf3 70. Qe5 Qd3 71. Qe8 Qf3 $2 ({A more
natural square was} 71... Qd4 {from where the queen keeps attacking white's
g-pawn and also keeps an eye on the f6-square. It's probably a draw.}) 72. Qg6+
Kh8 73. f6 gxf6 ({More tenacious was} 73... Qd5+ {but after} 74. Qf5 (74. g5 $4
Qf3#) (74. Qg5 Qf7+ 75. Qg6 Qd5+) 74... Qf7+ 75. Kg5 Kg8 76. h5 (76. fxg7 Qg6+
$1 77. Kf4 Qd6+ 78. Qe5 Qd2+) 76... gxf6+ 77. Qxf6 {is also a tablebase win.})
74. Qf7 Qf4 (74... Qc6 75. Qf8+ Kh7 76. Qh6+ Kg8 77. Qg6+ Kf8 (77... Kh8 78.
Kh6) 78. Kh6) 75. Qe8+ Kg7 76. Qg6+ 1-0